| 000 | 01850nam a2200373 c 4500 | ||
|---|---|---|---|
| 003 | BLK | ||
| 005 | 20180422114653.0 | ||
| 008 | 180411b bul|||||r ||||||| ||bul|| | ||
| 010 | _aKNG00183224000 | ||
| 040 | _aBLK | ||
| 041 |
_aBUL _cBUL |
||
| 080 |
_aХидробиология. Водни биоценози и екосистеми - Хидробионти, планктон, бентос и др. Вж и 556 _b574.5 _x _z574.5 |
||
| 080 |
_aОкеанология (океанография). Релеф на морското дъно - Общи въпроси, теория, наблюдения, прибори, приложна океанология, зони на морето и тяхното хоризонтално деление, морско равнище, вълни, при _b551.46 _x(26) _z551.46(26) |
||
| 100 | 1 |
_aЩрайхер, Зонфрид _eпърви автор _9144671 |
|
| 700 | 1 |
_aТончева, Виолета _eпрев. от нем. _9368602 |
|
| 139 |
_aЩрайхер, Зонфрид _bЩ 54 |
||
| 245 | 1 | 0 |
_aДеветдесет дни в Червено море _bОчерк за експедиция АКРОПОРА 76 _cЗонфрид Щрайхер; прев. от нем. Виолета Тончева. |
| 257 | _aDEU | ||
| 260 |
_аВарна _bГеорги Бакалов _c1983 |
||
| 300 |
_a143 с., 48 л. _bил. _c23 см |
||
| 380 | _a5 | ||
| 490 | 1 |
_aБиблиотека Нептун _vКн. 1 |
|
| 500 | _a12 105 тир. | ||
| 650 | 4 |
_aФауна, морска _9250512 |
|
| 650 | 4 |
_aОкеанография _9164874 |
|
| 653 | _aморска фауна | ||
| 653 | _aокеанография | ||
| 653 | _aЧервено море | ||
| 852 | _aЦб 124311 | ||
| 856 | 4 |
_qpdf _u |
|
| 856 | 4 |
_qpdf _u |
|
| 942 |
_cKNG _n0 |
||
| 944 |
_aCR _c06.10.2015 _kКамелия_Данева |
||
| 944 |
_aED _c26.09.2017 _kВася_Ганчева |
||
| 999 |
_c174723 _d174723 |
||